[Event "Ruhrgebiet Verbandsklasse Gruppe 1 1819"]
[Site "Nordrheinwestfalen"]
[Date "2019.02.03"]
[Round "6.7"]
[White "Grimke, Michael"]
[Black "Brandhoff, Gerd"]
[Result "0-1"]
[WhiteElo "1705"]
[BlackElo "1779"]
[PlyCount "70"]
[EventDate "2018.09.23"]
[EventType "team-tourn"]
[EventRounds "9"]
[EventCountry "GER"]
[SourceTitle "EXT 2022"]
[Source "ChessBase"]
[SourceDate "2021.10.06"]
[SourceVersion "1"]
[SourceVersionDate "2021.10.06"]
[SourceQuality "1"]
[WhiteTeam "Bergeborbeck Wacker"]
[BlackTeam "Guennigfeld SV"]
[WhiteTeamCountry "GER"]
[BlackTeamCountry "GER"]

1. d4 d5 2. e4 e6 3. e5 c5 4. c3 Nc6 5. Be3 a6 6. Nf3 Nge7 7. dxc5 Ng6 8. Bd4 Qc7 9. b4 Ncxe5 10. Nxe5 Nxe5 11. Qh5 Ng6 12. Be3 Be7 13. Bd3 Nf4 14. Bxf4 Qxf4 15. 0-0 Bf6 16. a4 g6 17. Qe2 0-0 18. Ra3 Bd7 19. Nd2 e5 20. c4 Bg5 21. Nb3 d4 22. g3 Qf6 23. Be4 Rab8 24. b5 Qe7 25. Rfa1 f5 26. Bd5+ Kh8 27. Bxb7 Rxb7 28. c6 Bxc6 29. bxc6 Rc7 30. Na5 e4 31. Rb3 d3 32. Qd1 Qc5 33. Rab1 Qxa5 34. Rb8 Qc5 35. Qb3 Rxc6 0-1

[Event "Ruhrgebiet Verbandsklasse Gruppe 1 1718"]
[Site "Germany"]
[Date "2018.02.25"]
[Round "7.8"]
[White "Nathe, Nico"]
[Black "Grimke, Michael"]
[Result "0-1"]
[WhiteElo "1221"]
[BlackElo "1705"]
[PlyCount "74"]
[EventDate "2017.09.17"]
[EventType "team-tourn"]
[EventRounds "9"]
[EventCountry "GER"]
[SourceTitle "EXT 2022"]
[Source "ChessBase"]
[SourceDate "2021.10.06"]
[SourceVersion "1"]
[SourceVersionDate "2021.10.06"]
[SourceQuality "1"]
[WhiteTeam "Eving SV Rochade"]
[BlackTeam "Bergeborbeck Wacker"]
[WhiteTeamCountry "GER"]
[BlackTeamCountry "GER"]

1. d4 d6 2. c4 g6 3. Nc3 Bg7 4. e4 Nf6 5. Be2 0-0 6. Nf3 Nbd7 7. Bg5 e5 8. d5 h6 9. Bd2 Nc5 10. b4 Ncxe4 11. Nxe4 Nxe4 12. Be3 Nc3 13. Qd2 Nxe2 14. Qxe2 Bg4 15. h3 Bxf3 16. Qxf3 e4 17. Qd1 Bxa1 18. Qxa1 Qh4 19. 0-0 f5 20. Qd4 Kh7 21. c5 Qe7 22. g3 b6 23. Rc1 Rac8 24. Qd2 g5 25. a4 dxc5 26. bxc5 Qd7 27. c6 Qd6 28. Qc2 Rce8 29. Rd1 Re5 30. Qd2 Rd8 31. Qe2 Rxd5 32. Rxd5 Qxd5 33. Kg2 Qxc6 34. Qh5 Qg6 35. Qe2 f4 36. gxf4 gxf4+ 37. Kh2 f3 0-1

[Event "Ruhrgebiet Verbandsklasse Gruppe 1 1718"]
[Site "Germany"]
[Date "2018.02.04"]
[Round "6.8"]
[White "Grimke, Michael"]
[Black "Hielscher, Klaus Peter"]
[Result "1-0"]
[WhiteElo "1705"]
[BlackElo "1695"]
[PlyCount "103"]
[EventDate "2017.09.17"]
[EventType "team-tourn"]
[EventRounds "9"]
[EventCountry "GER"]
[SourceTitle "EXT 2022"]
[Source "ChessBase"]
[SourceDate "2021.10.06"]
[SourceVersion "1"]
[SourceVersionDate "2021.10.06"]
[SourceQuality "1"]
[WhiteTeam "Bergeborbeck Wacker"]
[BlackTeam "Wattenscheid SV III"]
[WhiteTeamCountry "GER"]
[BlackTeamCountry "GER"]

1. d4 Nf6 2. Nc3 d5 3. Bg5 e6 4. e4 Be7 5. e5 Nfd7 6. Bxe7 Qxe7 7. f4 0-0 8. Nf3 c5 9. Bd3 Nc6 10. Bxh7+ Kxh7 11. Ng5+ Kg6 12. Qd3+ f5 13. exf6+ Kxf6 14. Nh7+ Kf7 15. Nxf8 Nxf8 16. dxc5 Qxc5 17. 0-0-0 Kg8 18. h4 Bd7 19. h5 Nb4 20. Qd2 Rc8 21. a3 Nc6 22. h6 g6 23. Qd3 Kh7 24. Rde1 Na5 25. f5 gxf5 26. Qg3 Ng6 27. Qd3 Nc4 28. b4 Qc7 29. Qd4 Qf4+ 30. Qxf4 Nxf4 31. g3 Ng2 32. Re2 Nge3 33. Nd1 Nxd1 34. Rxd1 Nxa3 35. Kb2 Nc4+ 36. Kb3 Rg8 37. Rg1 Rg6 38. Reg2 Ne3 39. Re2 Ng4 40. c4 d4 41. b5 e5 42. Ra2 a6 43. bxa6 Rb6+ 44. Kc2 bxa6 45. Rga1 Be6 46. c5 Bxa2 47. cxb6 Bd5 48. Rxa6 Nxh6 49. Ra5 Ng4 50. Rxd5 Ne3+ 51. Kc1 Nxd5 52. b7 1-0

[Event "Ruhrgebiet Verbandsklasse Gruppe 3 1516"]
[Site "Germany"]
[Date "2015.11.29"]
[Round "4.6"]
[White "Klempt, Guenter"]
[Black "Grimke, Michael"]
[Result "1-0"]
[WhiteElo "1860"]
[BlackElo "1741"]
[PlyCount "81"]
[EventDate "2015.09.06"]
[EventType "team-tourn"]
[EventRounds "9"]
[EventCountry "GER"]
[SourceTitle "EXT 2022"]
[Source "ChessBase"]
[SourceDate "2021.10.06"]
[SourceVersion "1"]
[SourceVersionDate "2021.10.06"]
[SourceQuality "1"]
[WhiteTeam "Bochum SV II"]
[BlackTeam "Bergeborbeck Wacker"]
[WhiteTeamCountry "GER"]
[BlackTeamCountry "GER"]

1. d4 g6 2. c4 Bg7 3. Nc3 d6 4. e4 Nf6 5. Nf3 0-0 6. Be2 Nbd7 7. 0-0 c6 8. Bg5 e5 9. Qd2 exd4 10. Nxd4 Re8 11. f3 Nb6 12. Rfd1 d5 13. c5 Nbd7 14. exd5 cxd5 15. b4 Ne5 16. Rac1 a6 17. a4 Be6 18. b5 Qc7 19. Qf4 Nh5 20. Nxe6 fxe6 21. Qb4 Bf8 22. Qb3 Qxc5+ 23. Kh1 Qb4 24. Qa2 Qa3 25. Qd2 Rec8 26. Nxd5 Rxc1 27. Rxc1 Qd6 28. Nf6+ Nxf6 29. Qxd6 Bxd6 30. Bxf6 Kf7 31. Bg5 Nd7 32. bxa6 bxa6 33. Rc6 Be5 34. Bxa6 Rb8 35. Bb5 Nf6 36. g3 Rd8 37. Rc1 Rd4 38. Kg2 Nd5 39. Kf2 Bc7 40. Be3 Nxe3 41. Rxc7+ 1-0

[Event "NRW Verbandsklasse Group3 1314"]
[Site "Nordrheinwestfalen"]
[Date "2014.01.26"]
[Round "6.8"]
[White "Schuetz, Ralf"]
[Black "Grimke, Michael"]
[Result "1-0"]
[WhiteElo "1831"]
[BlackElo "1739"]
[PlyCount "81"]
[EventDate "2013.09.08"]
[EventType "team-tourn"]
[EventRounds "9"]
[EventCountry "GER"]
[SourceTitle "EXT 2020"]
[Source "ChessBase"]
[SourceDate "2019.10.17"]
[SourceVersion "1"]
[SourceVersionDate "2019.10.17"]
[SourceQuality "1"]
[WhiteTeam "Boenen SV"]
[BlackTeam "Wacker Bergeborbeck"]
[WhiteTeamCountry "GER"]
[BlackTeamCountry "GER"]

1. e4 d6 2. d4 g6 3. f4 Bg7 4. Nc3 Nf6 5. Nf3 c6 6. Be3 0-0 7. Qd2 b5 8. e5 b4 9. Nd1 Nd5 10. a3 bxa3 11. Rxa3 Bh6 12. Be2 a5 13. 0-0 Nd7 14. g3 c5 15. dxc5 Nxe3 16. Qxe3 Nxc5 17. b4 Bh3 18. bxc5 Bxf1 19. Bxf1 dxc5 20. Nc3 e6 21. Ne4 Qd1 22. Qd3 Rfd8 23. Nd6 Qb1 24. Nd2 Qb6 25. Qb5 Qxb5 26. Bxb5 f6 27. N2c4 fxe5 28. fxe5 Bg7 29. Bc6 Rab8 30. Nb7 Rd4 31. Nbxa5 Rb1+ 32. Kg2 Rc1 33. Rc3 Rdd1 34. Bf3 Re1 35. Nb3 Rg1+ 36. Kh3 Rce1 37. Nxc5 Bxe5 38. Nxe5 Rxe5 39. Nxe6 Rxe6 40. Bd5 Kf7 41. Re3 1-0

[Event "Ruhrgebiet VK3 1213"]
[Site "Nordrheinwestfalen"]
[Date "2012.09.30"]
[Round "2.8"]
[White "Appel, Andreas"]
[Black "Grimke, Michael"]
[Result "0-1"]
[WhiteElo "1849"]
[BlackElo "1730"]
[PlyCount "108"]
[EventDate "2012.09.02"]
[EventType "team-tourn"]
[EventRounds "9"]
[EventCountry "GER"]
[SourceTitle "EXT 2020"]
[Source "ChessBase"]
[SourceDate "2019.10.17"]
[SourceVersion "1"]
[SourceVersionDate "2019.10.17"]
[SourceQuality "1"]
[WhiteTeam "Listiger Bauer Essen"]
[BlackTeam "Wacker Bergeborbeck"]
[WhiteTeamCountry "GER"]
[BlackTeamCountry "GER"]

1. d4 g6 2. e3 Bg7 3. f4 Nf6 4. Bd3 d6 5. Nf3 0-0 6. 0-0 c5 7. c3 Bd7 8. Nbd2 b5 9. Qe1 c4 10. Bc2 Nc6 11. e4 e5 12. fxe5 dxe5 13. d5 Qb6+ 14. Kh1 Nd4 15. cxd4 exd4 16. Qf2 Ng4 17. Qe1 Ne3 18. Bd1 Nxf1 19. Nxf1 b4 20. a3 a5 21. Ng3 Rae8 22. axb4 axb4 23. e5 Bxe5 24. Nxe5 Qf6 25. Bh6 Rxe5 26. Qxb4 Rfe8 27. Bf3 c3 28. Ne4 Qh4 29. Qxd4 f6 30. g3 Rxe4 31. Qxc3 Qxh6 32. Bxe4 Rxe4 33. Qxf6 Qf8 34. Qc3 Bg4 35. Kg1 Qc8 36. Qxc8+ Bxc8 37. Ra8 Re8 38. Kf2 Bd7 39. Rxe8+ Bxe8 40. Ke3 Kf7 41. Kd4 Kf6 42. b4 h5 43. Kc5 Ke5 44. b5 Bxb5 45. Kxb5 Kxd5 46. Kb6 g5 47. Kc7 Ke6 48. Kd8 Kf5 49. Ke7 h4 50. gxh4 gxh4 51. Kf7 h3 52. Kg7 Kg4 53. Kf6 Kf3 54. Kf5 Kg2 0-1